Las últimas horas de Mussolini / (Record no. 28038)

MARC details
000 -LEADER
campo de control de longitud fija 00551nam a2200181 i 4500
001 - NÚMERO DE CONTROL
campo de control 28038
003 - IDENTIFICADOR DE NÚMERO DE CONTROL
campo de control ES-MaACL
005 - FECHA Y HORA DE LA ÚLTIMA TRANSACCIÓN
campo de control 20250927162913.0
007 - CAMPO FIJO DE DESCRIPCIÓN FÍSICA--INFORMACIÓN GENERAL
campo de control de longitud fija t|
008 - DATOS DE LONGITUD FIJA--INFORMACIÓN GENERAL
campo de control de longitud fija 030116s1962 sp ||||1| spa d
100 1# - ENTRADA PRINCIPAL--NOMBRE DE PERSONA
Nombre de persona Bandini, Franco.
9 (RLIN) 25181
245 14 - MENCIÓN DEL TÍTULO
Título Las últimas horas de Mussolini /
Mención de responsabilidad, etc. Franco Bandini ; [traducción de Esteban Riambau].
260 ## - PUBLICACIÓN, DISTRIBUCIÓN, ETC.
Lugar de publicación, distribución, etc. Barcelona :
Nombre del editor, distribuidor, etc. Mateu,
Fecha de publicación, distribución, etc. [1962]
300 ## - DESCRIPCIÓN FÍSICA
Extensión 288 p., 7 lám. ;
Dimensiones 19 cm.
700 1# - ENTRADA AGREGADA--NOMBRE PERSONAL
Nombre de persona Riambau, Esteve,
Fechas asociadas al nombre 1925-1994
9 (RLIN) 156353
852 ## - LOCALIZACIÓN
Ubicación ES-MaACL
Número de control de estantería C-22282
Sublocalización o colección R.50630
Holdings
Estatus retirado Estado de pérdida Estado de daño No para préstamo Biblioteca de origen Biblioteca actual Ubicación en estantería Fecha de adquisición Fuente de adquisición Total de préstamos Signatura topográfica completa Código de barras Visto por última vez Precio de reemplazo Tipo de ítem Koha
        Biblioteca del Ateneo de Madrid Biblioteca del Ateneo de Madrid Galería 17/01/2008     C-22282 1028948 23/02/2023 23/02/2023 Libro impreso